000
00248nam a2200097Ia 4500
001
639864
005
20250826153436.0
008
250824s9999 xx 000 0 und d
245
0
_a
Ruby Rogers Bunu Aklınız Alıyor mu ?
_c
Sue Limb
260
_b
ALTIN
999
_c
639864
_d
639864